Egy elfelejtett szlovenszkói magyar regény Bálint Aladár: MUDr. Darvas 2

Bibliographic Details
Main Author: Turczel, Lajos (Author)
Format: Article
Language:Hungarian
Slovak
Subjects:

MARC

LEADER 00000nab a2200000 a 4500
001 vtls000619498
003 SK-MaSNL
005 20260319075826.0
008 160314c1997 xo 0 hun
015 |a SNBRB19rr/mm-uuuuu 
035 |a CL0619637 
040 |a SNKBUCL  |b slo  |c SNKBUCL  |e AACR2 
041 0 |a slo 
044 |a xo  |c SK 
080 |a 82.033:894.511 (437.6)-3  |2 1981 
080 |a 894.511 (437.6)-3.033  |2 1981 
100 1 |a Turczel, Lajos  |4 aut  |9 375107 
245 1 0 |a Egy elfelejtett szlovenszkói magyar regény  |b Bálint Aladár: MUDr. Darvas  |n 2  |c Lajos Turczel 
500 |a Dokončenie 
600 1 7 |a Bálint, Aladár  |t MUDr. Darvas  |x analýzy  |2 snkbucl  |9 901659 
773 0 |t Szabad újság  |g Roč. 5, č. 11 (1997), s. 8 
850 |a Slovenská národná knižnica v Martine  |a DSG001 
852 |a SNK  |b KIS3GCP 
958 |a HU 
958 |a LX 
958 |a SK 
958 |a RK 
958 |a RBX 
999 |c 1428934  |d 1430864